000 00521nam a2200181Ia 4500
008 240729s9999 xx 000 0 und d
022 _a2624-7852
245 0 _aFrontiers in Blockchain
260 _aSwitzerland
260 _bFrontiers Media S.A.
650 _a Industrial engineering. Management engineering
650 _a Information technology
650 _a Technology (General)
650 _aTechnology
856 _uhttps://doaj.org/toc/e007370e6e0c48fe99bf96e84f9e5092
942 _2ddc
942 _cDOAJEJ
999 _c72453
_d72453
945 _a1
_bMadushi Gamage
_c1
_dMadushi Gamage